000 00718nam a22002057a 4500
005 20240530110930.0
008 220214s2005 ua g 000 p ara d
017 _bمصر. دار الكتب
_a2005/5891
040 _aEG-CaGPL
_cEG-CaGPL
082 0 4 _221
_a811.09\
_bع و
100 0 _aعبدالله محمد باشراحيل
245 1 0 _aوحشة الروح /
_cعبدالله محمد باشراحيل
250 _aط. 1
260 _aالقاهرة :
_bمركز الاهرام للنشر والترجمة والتوزيع،
_c2005
300 _a198 ص. ؛
_c24 سم.
650 0 7 _2qrmak
_aالشعر العربى
651 _2qrmak
942 _2ddc
_cBK
999 _c66629
_d66629